[Event "75th ARM-ch Women 2020"]
[Site "Yerevan"]
[Date "2020.01.13"]
[Round "2.3"]
[White "Arakelyan, Nare"]
[Black "Gaboyan, Susanna"]
[Result "0-1"]
[WhiteElo "1913"]
[BlackElo "2205"]
[Annotator "TA"]
[PlyCount "68"]
[EventDate "2020.01.12"]
[EventType "tourn"]
[EventCountry "ARM"]
[SourceTitle "playchess.com"]
[Source "ChessBase"]
[SourceQuality "1"]

{[%evp 20,68,28,28,58,35,64,35,92,91,102,68,55,53,51,-3,42,-8,-8,-63,-49,-87,-92,-196,-205,-352,0,0,1369,588,5710,-436,-432,-742,-728,-700,-690,-650,-594,-653,-646,-900,-892,-1838,-1769,-1568,-1501,-1399,-1337,-1277,-1251]} 1. e4 c5 2. Nf3 Nc6 3. d4 cxd4 4. Nxd4 e5 5. Nb5 d6 6. N1c3 a6 7. Na3 b5 8. Nd5 Nce7 9. c4 Nxd5 10. exd5 bxc4 11. Nxc4 f5 {B32: Sicilian: Löwenthal and Kalashnikov Variations} (11... Be7 12. Bd2 a5 13. Qb3 a4 14. Qb6 Nf6 15. Qxd8+ Kxd8 16. Nb6 Rb8 17. Ba5 Bd7 18. b3 Ke8 19. Nxd7 Kxd7 20. bxa4 Nxd5 {0-1 (56) Vallejo Pons,F (2707)-Anton Guijarro,D (2557) Caleta 2014}) 12. Be3 Rb8 13. f4 e4 (13... exf4 $14 14. Bxf4 Nf6) 14. Rc1 $146 ({Predecessor:} 14. Be2 Nf6 15. a4 Be7 16. O-O O-O 17. a5 Bb7 18. Nb6 Qe8 19. Bc4 {½-½ (42) Rakhmangulova,A (2219)-Gaboyan,S (2154) Konya 2018}) 14... Bd7 15. Be2 Nf6 16. O-O Be7 $1 17. Bd2 (17. Ba7 $14) 17... Rb5 18. Qa4 Qa8 19. Bb4 (19. Qa3 $11) 19... Qb8 $36 {[%mdl 2048] Black is pushing.} ({And not} 19... Nxd5 20. Nxd6+ Bxd6 21. Bxd6 $16) 20. Ba3 Rxb2 $1 {[%mdl 64] [#] Double Attack} ({Don't play} 20... Rxd5 $6 21. Qxa6 O-O 22. Nb6 $11) 21. Qxa6 (21. Bh5+ $17 Nxh5 22. Qd1 Rxa2 23. Qxh5+ g6 24. Qh6) 21... Rxe2 $19 22. Nb6 (22. Rb1 $142 Qd8 23. Nxd6+ Bxd6 24. Bxd6) 22... Rxa2 $2 (22... Kf7 $19 23. Nxd7 Nxd7 24. Qxe2 Qa7+ {[%mdl 64] Double Attack} 25. Kh1 Qxa3) 23. Nxd7 $11 Kxd7 $2 {[%mdl 8192]} (23... Nxd7 $11 24. Rc8+ {[%mdl 64] Double Attack} Kf7 25. Rxb8 Rxb8) 24. Rb1 (24. Qa4+ $142 Kd8 25. Rb1 Qxb1 26. Rxb1 Rxa3 27. Qxa3) 24... Qc8 {[#]} 25. Qa7+ $4 {[%mdl 8192]} (25. Qa4+ $1 $18 Kd8 26. Rfc1 Qxc1+ 27. Rxc1) 25... Ke8 $19 {And now ...Qc2 would win.Black is clearly winning.} 26. Rb8 (26. Rfc1 $142 Qd7 27. Rc7 Rxa3 28. Rxd7 Rxa7 29. Rxa7) 26... Kf7 27. Rxc8 Rxc8 28. Qe3 Rcc2 29. Qh3 g6 30. Rd1 h5 31. Bb4 Ng4 32. Be1 Rxg2+ {[%mdl 64] Overworked Piece} 33. Qxg2 Rxg2+ 34. Kxg2 Ne3+ {[%mdl 64] Double Attack. Accuracy: White = 23%, Black = 50%.} 0-1

[Event "75th ARM-ch Women 2020"]
[Site "Yerevan"]
[Date "2020.01.13"]
[Round "2.4"]
[White "Gevorgyan, Maria"]
[Black "Khachatryan, Veronika"]
[Result "1-0"]
[WhiteElo "2187"]
[BlackElo "1905"]
[Annotator "TA"]
[PlyCount "95"]
[EventDate "2020.01.12"]
[EventType "tourn"]
[EventCountry "ARM"]
[SourceTitle "playchess.com"]
[Source "ChessBase"]
[SourceQuality "1"]

{[%evp 12,95,20,28,26,12,20,23,25,14,30,32,49,33,49,49,47,8,32,32,31,33,31,43,35,30,31,6,13,18,25,15,33,31,31,31,36,36,43,31,31,31,31,32,30,8,50,47,53,46,61,46,54,52,68,55,75,61,68,64,75,68,68,40,24,29,225,224,226,235,224,221,231,222,570,290,284,283,253,220,256,242,230,165,1454,1345]} 1. e4 c5 2. Nc3 Nc6 3. Bb5 Nd4 4. Bc4 e6 5. Nge2 Ne7 6. Nxd4 cxd4 7. Ne2 Nc6 {B30: Sicilian: 2...Nc6 3 Bb5, lines without ...g6} 8. d3 (8. O-O a6 9. d3 d5 10. exd5 exd5 11. Bb3 Bd6 12. Nf4 Bxf4 13. Bxf4 O-O 14. Qf3 Be6 15. Rfe1 {1-0 (58) Cornette,M (2611)-Lenic,L (2662) chess.com INT 2018}) 8... Be7 9. O-O O-O {White has an edge.} 10. f4 d5 11. exd5 exd5 12. Bb3 f5 13. Bd2 Be6 14. Ng3 $146 ({Predecessor:} 14. Kh1 Bf7 15. Ng1 {½-½ (31) Pospelov,S (2275)-Flude,D (2130) ICCF email 2014}) 14... Qd7 15. Qf3 Bf7 16. Kh1 Rae8 17. Ne2 Bf6 18. Ba4 a6 19. Rfe1 b5 20. Bb3 Re7 21. Ng1 Rfe8 22. Qf2 Rxe1 23. Rxe1 Rxe1 24. Qxe1 Qe7 25. Qf2 a5 {And now ...a4 would win.} 26. a4 b4 27. h3 Qe6 28. Qf3 Be7 29. Ne2 Bc5 30. Be1 g6 31. Bf2 Qd6 32. g4 Ba7 33. Kg2 Qe6 34. Kf1 Kf8 35. Qg3 Qf6 36. Qg2 Qe6 37. Qg1 fxg4 38. hxg4 Qf6 $2 (38... h5 $11 {and Black has nothing to worry.}) 39. Qh1 $1 $18 {[%csl LRd5,LRh7][%mdl 64] Double Attack} Qe6 {[#]} 40. f5 $1 {[%cal Rf5e6]} (40. Qxh7 Qxg4 41. Qh8+ Ke7 $14) 40... gxf5 41. gxf5 ({Worse is} 41. Qxh7 fxg4 42. Bg3 Qf6+ 43. Ke1 Bb8 $11) 41... Qd6 42. Qxh7 Bg8 $2 (42... Ne7 43. Qh8+ Ng8) 43. Qh4 Ne7 44. Qg5 {Black must now prevent f6.} ({Don't do} 44. Nxd4 $6 Bxd4 45. Qxd4 (45. Bxd4 Nxf5 46. Qf6+ Qxf6 $18) 45... Nxf5 $18) 44... Qe5 45. Ng3 Bb8 46. Qh6+ Kf7 47. Qh5+ Kf6 $2 {[#]} (47... Kf8) 48. Bxd4 $1 {[%mdl 512] Accuracy: White = 64%, Black = 38%.} 1-0

[Event "75th ARM-ch Women 2020"]
[Site "Yerevan"]
[Date "2020.01.13"]
[Round "2.5"]
[White "Ghukasyan, Siranush"]
[Black "Ambarjyan, Tereza"]
[Result "1/2-1/2"]
[WhiteElo "2246"]
[BlackElo "1514"]
[Annotator "TA"]
[PlyCount "68"]
[EventDate "2020.01.12"]
[EventType "tourn"]
[EventCountry "ARM"]
[SourceTitle "playchess.com"]
[Source "ChessBase"]
[SourceQuality "1"]

{[%evp 21,68,31,41,44,33,39,48,8,41,0,0,0,0,0,0,-14,0,0,2,0,9,4,20,0,0,0,0,-9,-7,-13,-12,-87,0,0,0,-14,0,-17,-25,-24,-20,-22,-27,-114,0,0,0,-79,14]} 1. e4 e6 2. d4 d5 3. Nc3 Nf6 4. e5 Nfd7 5. f4 c5 6. Nf3 Nc6 7. Be3 Qb6 8. Na4 {[%cal Bc3a4,Ba4b2,Bb2d3,Bd3c5][%mdl 32]} Qa5+ 9. c3 cxd4 10. b4 Qc7 11. Nxd4 a6 12. Rc1 {C11: French: Classical System: 4 e5 and 4 Bg5 dxe4} (12. a3 b5 13. Nb2 Nb6 14. Be2 Bd7 15. O-O Be7 16. Qe1 O-O 17. Qf2 Rab8 18. Bd3 f5 19. h3 Nc4 20. Nxc4 dxc4 {0-1 (72) Motylev,A (2653)-Fedoseev,V (2664) Khanty-Mansiysk 2015}) 12... b5 13. Nb2 Nb6 14. Be2 {White is slightly better.} (14. a4 $5 {[%cal Ra4b5]}) 14... Be7 15. Nd3 $146 ({Predecessor:} 15. O-O O-O 16. a4 Nc4 17. Nxc4 dxc4 18. Nxc6 Qxc6 19. Bf3 {1-0 (19) Paolercio,A-Klenda,M (1896) Broken Arrow 2012}) 15... Nc4 16. Bf2 O-O 17. O-O Bd7 18. Nc5 Nxd4 19. Bxd4 a5 20. Qc2 (20. Rf2 {is interesting.} Rfc8 21. Bd3 axb4 22. cxb4 Ra3 23. Bc2) 20... axb4 21. cxb4 f5 22. exf6 Bxf6 23. Bxf6 Rxf6 24. Rf3 Bc6 25. Bd3 h6 26. Re1 (26. Qe2 $11 {remains equal.}) 26... Qd6 ({Black should try} 26... e5 $17 {Threatens to win with ...e4.} 27. fxe5 Rxf3 28. gxf3 Nxe5) 27. Rf2 $11 Re8 28. a4 Rxf4 29. axb5 Bxb5 30. Rxf4 Qxf4 31. Bg6 Re7 $36 {[%mdl 2048] Black is pushing.} 32. Qa2 (32. Qf2 $11 Qxf2+ 33. Kxf2) 32... Qb8 (32... Be8 $17 33. Bxe8 Rxe8) 33. Nxe6 Qb6+ (33... Bd7 $5 34. Qf2 $8 Qb6 $11) 34. Kh1 (34. Qf2 $11) 34... Ra7 {Accuracy: White = 38%, Black = 51%.} (34... Ba6 $17 35. Bf5 Nd6) 1/2-1/2

[Event "75th ARM-ch Women 2020"]
[Site "Yerevan"]
[Date "2020.01.14"]
[Round "3.1"]
[White "Khachatryan, Veronika"]
[Black "Arakelyan, Nare"]
[Result "0-1"]
[WhiteElo "1905"]
[BlackElo "1913"]
[Annotator "NA"]
[PlyCount "96"]
[EventDate "2020.01.12"]
[EventType "tourn"]
[EventCountry "ARM"]
[SourceTitle "playchess.com"]
[Source "ChessBase"]
[SourceQuality "1"]
[TimeControl "40/5400+30:1800+30"]

{[%evp 8,95,16,-11,32767,32767,32767,26,26,64,38,35,140,27,31,-27,38,37,12,-124,-137,-126,-112,32767,32767,32767,32767,-310,-333,32767,32767,32767,32767,32767,32767,32767,32767,-545,-513,-506,-612,-750,-310,-313,-195,-216,32767,-281,-22,-295,-334,-410,-270,-273,-308,-329,-277,-343,-245,-206,-275,-267,-118,-152,-100,-333,-347,-309,-107,-264,-126,-158,0,-246,-175,-236,-235,32767,32767,32767,32767,-339,-406,32767,32767,-516,-29995,-29996,-29997,-29997]} 1. d4 {[%emt 0:00:00]} d5 {[%emt 0:00:00]} 2. Bf4 {[%emt 0:00:00]} Nf6 {[%emt 0:00:00]} 3. e3 {[%emt 0:00:17]} Bf5 {[%emt 0:00:22]} 4. Nf3 {[%emt 0:00:32]} e6 {[%emt 0:00:12]} 5. Ne5 {[%emt 0:04:55]} Bd6 {[%emt 0:05:01]} 6. Be2 {[%emt 0:03:03] D02: 1 d4 d5 2 Nf3 sidelines, including 2...Nf6 3 g3 and 2...Nf6 3 Bf4} O-O {[%emt 0:00:30]} (6... Nfd7 7. Nf3 Bxf4 8. exf4 O-O 9. O-O c5 10. dxc5 Nxc5 11. Nd4 Bg6 12. Nd2 Qf6 13. N2b3 Nxb3 14. axb3 Qxf4 {1-0 (42) Gholami,A (2542)-Wen,Y (2586) Qingdao 2019}) 7. g4 {[%emt 0:02:26]} Be4 {[%emt 0:00:08]} 8. f3 {[%emt 0:05:16]} Bg6 $1 {[%emt 0:00:04]} 9. h4 {[%emt 0:00:25]} h6 {[%emt 0:00:13]} ({Better is} 9... h5 $1 $14) 10. Nxg6 {[%emt 0:11:05]} ({Better is} 10. h5 $16 Bh7 11. g5 hxg5 12. Bxg5) 10... fxg6 {[%emt 0:00:04]} 11. Be5 $146 {[%emt 0:00:38]} ({White should try} 11. Bxd6 $14 Qxd6 12. g5 hxg5 13. hxg5 Qg3+ 14. Kd2 Qxg5 15. Qg1 Qxg1 16. Rxg1) ({Predecessor:} 11. Bd3 Qe8 12. Bxd6 cxd6 13. c3 {1-0 (40) Thiem,S (1424)-Walk,C (1274) Prichsenstadt 2006}) 11... Nc6 {[%emt 0:04:18]} (11... c5 $11) 12. f4 $1 {[%emt 0:11:41]} Ne4 {[%emt 0:05:04]} 13. Bd3 {[%emt 0:03:15]} ({Better is} 13. Bxd6 $15 cxd6 14. Nc3) 13... Nxe5 {[%emt 0:05:55]} 14. dxe5 {[%emt 0:00:17] [#]} Bxe5 $1 {[%emt 0:00:41]} 15. Bxe4 {[%emt 0:10:30]} Bxb2 {[%emt 0:00:06]} 16. Bxg6 {[%emt 0:00:06]} Bxa1 {[%emt 0:00:03]} 17. g5 {[%emt 0:00:19]} d4 {[%emt 0:00:36]} 18. gxh6 {[%emt 0:15:03]} dxe3 {[%emt 0:00:58]} 19. Qg4 {[%emt 0:04:32]} Qd6 {[%emt 0:02:52]} 20. O-O {[%emt 0:05:52]} Bd4 {[%emt 0:01:33]} 21. Kg2 {[%emt 0:04:11]} gxh6 {[%emt 0:01:00]} 22. Kh3 {[%emt 0:03:20]} Kh8 {[%emt 0:00:37]} 23. Qh5 {[%emt 0:01:44]} Bg7 {[%emt 0:00:27]} 24. Bd3 {[%emt 0:01:50]} Rf6 {[%emt 0:00:02]} (24... Rxf4 $142 25. Qg6 Kg8 26. Qh7+ Kf8) 25. Nc3 {[%emt 0:00:28]} Qf8 {[%emt 0:03:32]} 26. Qg4 {[%emt 0:02:27]} e5 {[%emt 0:00:56]} 27. Nd5 {[%emt 0:00:40] [#]} (27. f5 $142) 27... h5 $2 {[%emt 0:08:52]} (27... e4 $1 $19 28. Bxe4 Rf7 29. Nxe3 Re8) 28. Qxh5+ $2 {[%emt 0:02:43]} (28. Qg5 $11 {and White has nothing to worry.}) 28... Rh6 {[%emt 0:00:03]} 29. Qg4 {[%emt 0:01:07]} e4 {[%emt 0:04:31]} 30. Bxe4 {[%emt 0:02:46]} Re8 {[%emt 0:00:05]} 31. f5 {[%emt 0:01:13]} c6 {[%emt 0:02:06]} 32. Nxe3 {[%emt 0:02:16]} Bf6 {[%emt 0:01:26]} 33. Ng2 {[%emt 0:00:34]} Qa3+ {[%emt 0:02:05]} 34. Bd3 {[%emt 0:00:41]} Rg8 {[%emt 0:01:31]} (34... Qxa2 $19 {is more deadly.} 35. Rf3 Qa1) 35. Qf4 {[%emt 0:00:22]} Kh7 {[%emt 0:00:05]} 36. Qc7+ $2 {[%emt 0:00:50]} (36. Rf3 $17 Qc5 37. Rg3 Rxg3+ 38. Qxg3) 36... Rg7 {[%emt 0:00:05]} 37. Qf4 {[%emt 0:00:24]} Qf8 $2 {[%emt 0:01:30]} (37... Qxa2 $19 {has better winning chances.} 38. Rf3 Qa1) 38. Rf2 $2 {[%emt 0:00:30]} (38. Rf3 $17) 38... Rg8 {[%emt 0:00:53]} 39. Bc4 {[%emt 0:00:23] [#]} Rg7 {[%emt 0:01:05]} ({Black should play} 39... Rg5 $1 $17 40. Rf3 Qg7) 40. Bd3 $1 {[%emt 0:00:00]} Qf7 {[%emt 0:00:00]} 41. Bc4 {[%emt 0:02:04]} Qe7 $19 {[%emt 0:03:15]} 42. Bd3 {[%emt 0:03:02]} Qa3 {[%emt 0:00:43]} 43. Re2 {[%emt 0:01:50]} Qxa2 {[%emt 0:01:29]} 44. Re8 {[%emt 0:12:16]} Qd5 {[%emt 0:07:51]} 45. Bf1 {[%emt 0:07:42]} Rxh4+ {[%emt 0:02:46]} 46. Qxh4+ {[%emt 0:00:45]} Bxh4 {[%emt 0:00:03]} 47. Kxh4 {[%emt 0:01:06]} Qd4+ {[%emt 0:00:11]} 48. Kh3 {[%emt 0:00:11]} Qg1 {[%emt 0:00:19]} 0-1

[Event "75th ARM-ch Women 2020"]
[Site "Yerevan"]
[Date "2020.01.14"]
[Round "3.2"]
[White "Kursova, Maria"]
[Black "Gevorgyan, Maria"]
[Result "0-1"]
[WhiteElo "2241"]
[BlackElo "2187"]
[Annotator "ChessBase"]
[PlyCount "74"]
[EventDate "2020.01.12"]
[EventType "tourn"]
[EventCountry "ARM"]
[SourceTitle "playchess.com"]
[Source "ChessBase"]
[SourceQuality "1"]
[TimeControl "40/5400+30:1800+30"]

1. d4 {[%emt 0:00:09]} Nf6 {[%emt 0:00:00]} 2. c4 {[%emt 0:00:17]} c5 {[%emt 0:00:00]} 3. d5 {[%emt 0:00:10]} e6 {[%emt 0:00:00]} 4. Nc3 {[%emt 0:00:20]} exd5 {[%emt 0:00:00]} 5. cxd5 {[%emt 0:00:06]} d6 {[%emt 0:00:06]} 6. e4 {[%emt 0:00:23]} g6 {[%emt 0:00:05]} 7. h3 {[%emt 0:00:38]} Bg7 {[%emt 0:00:40]} 8. Nf3 {[%emt 0:00:19]} a6 {[%emt 0:06:49]} 9. a4 {[%emt 0:01:19]} Nh5 {[%emt 0:00:05]} 10. Be2 {[%emt 0:20:30]} Nd7 {[%emt 0:01:29]} 11. Bg5 {[%emt 0:02:45]} Bf6 {[%emt 0:00:34]} 12. Be3 {[%emt 0:01:21]} Ng7 {[%emt 0:03:03]} 13. O-O {[%emt 0:00:55]} O-O {[%emt 0:03:51]} 14. Qd2 {[%emt 0:15:25]} Qe7 {[%emt 0:04:54]} 15. Bd3 {[%emt 0:10:49]} b6 {[%emt 0:29:48]} 16. Rfe1 {[%emt 0:05:18]} Bb7 {[%emt 0:00:39]} 17. Rab1 {[%emt 0:04:32]} Rac8 {[%emt 0:01:45]} 18. b3 {[%emt 0:03:29]} Rfe8 {[%emt 0:15:44]} 19. Rbc1 {[%emt 0:07:57]} Ne5 {[%emt 0:04:51]} 20. Nxe5 {[%emt 0:00:34]} Bxe5 {[%emt 0:00:02]} 21. f4 {[%emt 0:02:27]} Bd4 {[%emt 0:02:09]} 22. Bxd4 {[%emt 0:03:25]} cxd4 {[%emt 0:00:03]} 23. Ne2 {[%emt 0:00:06]} Rxc1 {[%emt 0:00:11]} 24. Qxc1 {[%emt 0:03:15]} f5 {[%emt 0:03:19]} 25. Nxd4 {[%emt 0:02:36]} Bxd5 {[%emt 0:07:05]} 26. Bc4 {[%emt 0:00:46]} Bxc4 {[%emt 0:03:07]} 27. Qxc4+ {[%emt 0:00:02]} Kh8 {[%emt 0:00:05]} 28. Nf3 {[%emt 0:06:58]} fxe4 {[%emt 0:05:52]} 29. Ng5 {[%emt 0:00:07]} b5 {[%emt 0:00:02]} 30. axb5 {[%emt 0:02:26]} axb5 {[%emt 0:00:02]} 31. Qd5 {[%emt 0:00:56]} h6 {[%emt 0:00:35]} 32. Nxe4 {[%emt 0:01:30]} Nf5 {[%emt 0:04:00]} 33. Kh2 {[%emt 0:03:57]} Qe6 {[%emt 0:02:06]} 34. Qxb5 {[%emt 0:00:37]} Re7 {[%emt 0:00:01]} 35. Re2 {[%emt 0:00:30]} Nd4 {[%emt 0:00:55]} 36. Qb8+ {[%emt 0:00:29]} Re8 {[%emt 0:00:01]} 37. Nxd6 {[%emt 0:00:35]} Rxb8 {[%emt 0:00:07]} 0-1

[Event "75th ARM-ch Women 2020"]
[Site "Yerevan"]
[Date "2020.01.14"]
[Round "3.3"]
[White "Gaboyan, Susanna"]
[Black "Ghukasyan, Siranush"]
[Result "1/2-1/2"]
[WhiteElo "2205"]
[BlackElo "2246"]
[Annotator "TA"]
[PlyCount "34"]
[EventDate "2020.01.12"]
[EventType "tourn"]
[EventCountry "ARM"]
[SourceTitle "playchess.com"]
[Source "ChessBase"]
[SourceQuality "1"]

{[%evp 22,23,1,0]} 1. d4 d5 2. c4 c6 3. cxd5 cxd5 4. Nf3 Nf6 5. Nc3 Nc6 6. Bf4 Bf5 7. e3 e6 8. Bd3 Bxd3 9. Qxd3 Bd6 10. Bxd6 Qxd6 11. O-O O-O 12. Rfc1 {Predecessor:} Rfc8 $146 13. h3 Nb4 14. Qd1 Nc6 15. Qd3 Nb4 16. Qd1 Nc6 17. Qd3 Nb4 {½-½ (17) Bu,X (2767)-Lu,S (2610) Shenyang 2019} 1/2-1/2

[Event "75th ARM-ch Women 2020"]
[Site "Yerevan"]
[Date "2020.01.14"]
[Round "3.4"]
[White "Khachatryan, Anna"]
[Black "Avetisyan, Mariam"]
[Result "1/2-1/2"]
[WhiteElo "2051"]
[BlackElo "2163"]
[Annotator "ChessBase"]
[PlyCount "72"]
[EventDate "2020.01.12"]
[EventType "tourn"]
[EventCountry "ARM"]
[SourceTitle "playchess.com"]
[Source "ChessBase"]
[SourceQuality "1"]
[TimeControl "40/5400+30:1800+30"]

1. d4 {[%emt 0:00:00]} Nf6 {[%emt 0:00:00]} 2. Nf3 {[%emt 0:01:20]} e6 {[%emt 0:00:13]} 3. Bf4 {[%emt 0:00:04]} Be7 {[%emt 0:01:28]} 4. e3 {[%emt 0:02:12]} d5 {[%emt 0:04:45]} 5. Nbd2 {[%emt 0:02:19]} Nbd7 {[%emt 0:02:15]} 6. Bd3 {[%emt 0:00:10]} c5 {[%emt 0:01:40]} 7. c3 {[%emt 0:00:04]} O-O {[%emt 0:09:00]} 8. Ne5 {[%emt 0:00:21]} b6 {[%emt 0:25:50]} 9. Nc6 {[%emt 0:02:41]} Qe8 {[%emt 0:00:17]} 10. Nxe7+ {[%emt 0:00:06]} Qxe7 {[%emt 0:00:03]} 11. O-O {[%emt 0:01:27]} Bb7 {[%emt 0:05:12]} 12. Nf3 {[%emt 0:08:14]} Ne4 {[%emt 0:11:01]} 13. h3 {[%emt 0:17:13]} Rfd8 {[%emt 0:06:43]} 14. Bh2 {[%emt 0:05:12]} f6 {[%emt 0:05:58]} 15. Qc2 {[%emt 0:17:47]} f5 {[%emt 0:04:30]} 16. a4 {[%emt 0:20:21]} a5 {[%emt 0:06:10]} 17. Rfb1 {[%emt 0:03:23]} Rdc8 {[%emt 0:03:10]} 18. Qe2 {[%emt 0:00:40]} Nd6 {[%emt 0:02:53]} 19. Ne5 {[%emt 0:07:02]} Nxe5 {[%emt 0:01:05]} 20. Bxe5 {[%emt 0:00:09]} Nf7 {[%emt 0:01:05]} 21. Bh2 {[%emt 0:01:06]} g6 {[%emt 0:01:45]} 22. Qd2 {[%emt 0:05:29]} Ba6 {[%emt 0:01:49]} 23. Bxa6 {[%emt 0:00:11]} Rxa6 {[%emt 0:00:03]} 24. Qe2 {[%emt 0:00:34]} c4 {[%emt 0:01:10]} 25. b3 {[%emt 0:01:07]} Nd6 {[%emt 0:00:43]} 26. Bxd6 {[%emt 0:00:39]} Qxd6 {[%emt 0:00:03]} 27. bxc4 {[%emt 0:00:51]} Rxc4 {[%emt 0:00:11]} 28. Rb3 {[%emt 0:00:11]} Qc6 {[%emt 0:01:52]} 29. Qb2 {[%emt 0:00:35]} Kf7 {[%emt 0:01:10]} 30. h4 {[%emt 0:01:39]} Ke7 {[%emt 0:00:50]} 31. h5 {[%emt 0:00:44]} Kd7 {[%emt 0:01:11]} 32. hxg6 {[%emt 0:00:47]} hxg6 {[%emt 0:00:03]} 33. g3 {[%emt 0:00:13]} Kc7 {[%emt 0:01:08]} 34. Qa3 {[%emt 0:00:53]} Qd6 {[%emt 0:00:58]} 35. Qxd6+ {[%emt 0:00:37]} Kxd6 {[%emt 0:00:05]} 36. Kf1 {[%emt 0:00:09]} Kd7 {[%emt 0:00:26]} 1/2-1/2